[Event "SRB-chT2 East"]
[Site "Golubac"]
[Date "2008.09.14"]
[Round "1.3"]
[White "Cvetanovic, Uros"]
[Black "Stojanovic, Ivan"]
[Result "1-0"]
[WhiteElo "2120"]
[BlackElo "2146"]
[PlyCount "101"]
[EventDate "2008.09.14"]
[EventType "team"]
[EventRounds "11"]
[EventCountry "SRB"]
[SourceTitle "EXT 2012"]
[Source "ChessBase"]
[SourceDate "2011.11.24"]
[SourceVersion "1"]
[SourceVersionDate "2011.11.24"]
[SourceQuality "1"]

1. Nc3 c5 2. Nf3 Nf6 3. d4 cxd4 4. Nxd4 d6 5. e4 a6 6. Be2 e5 7. Nb3 Be6 8. Be3 Be7 9. Nd5 Bxd5 10. exd5 Nbd7 11. 0-0 Rc8 12. f4 Nb6 13. Bxb6 Qxb6+ 14. Kh1 0-0 15. c4 Nd7 16. f5 Bf6 17. Rb1 e4 18. Nd2 Qe3 19. Re1 Qf4 20. Qc2 Rfe8 21. Rf1 Qe3 22. Rbe1 Qd4 23. b3 b5 24. Qd1 b4 25. Qc2 Qc3 26. Bd1 e3 27. Ne4 Qxc2 28. Bxc2 Be5 29. Rxe3 Nb6 30. Rfe1 Red8 31. R3e2 a5 32. Bb1 a4 33. g3 f6 34. Nf2 Ra8 35. Nd3 Bc3 36. Rf1 axb3 37. axb3 Ra3 38. Bc2 Kf8 39. Nf4 Kf7 40. Rf3 Nd7 41. Re6 Ne5 42. Rf2 Ra2 43. Kg2 Bd4 44. Re2 Rb2 45. Nh3 Bc5 46. Nf2 Ra8 47. Nd1 Rba2 48. Kf1 R8a3 49. Nf2 Ra1+ 50. Kg2 R3a2 51. Ne4 1-0

[Event "SRB-chT2 East"]
[Site "Serbia"]
[Date "2007.10.18"]
[Round "7.4"]
[White "Ilcic, Radoslav"]
[Black "Stojanovic, Ivan"]
[Result "1/2-1/2"]
[WhiteElo "2201"]
[BlackElo "2176"]
[PlyCount "21"]
[EventDate "2007.09.09"]
[EventType "team"]
[EventRounds "11"]
[EventCountry "SRB"]
[SourceTitle "EXT 2012"]
[Source "ChessBase"]
[SourceDate "2011.11.24"]
[SourceVersion "1"]
[SourceVersionDate "2011.11.24"]
[SourceQuality "1"]
[WhiteTeam "Zeleni Svrljig"]
[BlackTeam "Bor"]
[WhiteTeamCountry "SRB"]
[BlackTeamCountry "SRB"]

1. c4 Nf6 2. d4 g6 3. Nc3 Bg7 4. e4 d6 5. Nf3 0-0 6. Be2 e5 7. dxe5 dxe5 8. Qxd8 Rxd8 9. Bg5 Re8 10. b3 c6 11. a3 1/2-1/2

[Event "SRB-chT2 East"]
[Site "Serbia"]
[Date "2007.10.07"]
[Round "5.5"]
[White "Jevtic, Sasa"]
[Black "Stojanovic, Ivan"]
[Result "1-0"]
[WhiteElo "2162"]
[BlackElo "2176"]
[PlyCount "104"]
[EventDate "2007.09.09"]
[EventType "team"]
[EventRounds "11"]
[EventCountry "SRB"]
[SourceTitle "EXT 2012"]
[Source "ChessBase"]
[SourceDate "2011.11.24"]
[SourceVersion "1"]
[SourceVersionDate "2011.11.24"]
[SourceQuality "1"]
[WhiteTeam "Jagodina MMM"]
[BlackTeam "Bor"]
[WhiteTeamCountry "SRB"]
[BlackTeamCountry "SRB"]

1. d4 Nf6 2. Nf3 g6 3. c4 Bg7 4. Nc3 0-0 5. g3 d5 6. Bg2 c6 7. cxd5 Nxd5 8. 0-0 Nd7 9. Nxd5 cxd5 10. Qb3 Nb6 11. Ne5 Nc4 12. Bf4 Nxe5 13. Bxe5 e6 14. Bxg7 Kxg7 15. Rac1 Rb8 16. Rc3 Bd7 17. h4 Bc6 18. e3 a6 19. Rfc1 Qd7 20. Bf1 Rfc8 21. Qb6 h5 22. b3 Qe7 23. f4 Qa3 24. R1c2 Qe7 25. a4 Qd7 26. Qb4 Qd8 27. Rc5 Bd7 28. Bd3 Rxc5 29. dxc5 Bc6 30. Qd4+ Qf6 31. Rf2 Qxd4 32. exd4 Kf6 33. Rc2 Ke7 34. Kf2 Kd7 35. Kf3 Re8 36. Ra2 a5 37. Bb5 Ra8 38. Ke3 Kc7 39. Kd3 Bd7 40. Kc3 Bc6 41. Rc2 Ra7 42. Rg2 Ra8 43. Rc2 Ra7 44. Kd3 Ra8 45. Ra2 Ra7 46. Ke3 Ra8 47. Kf3 Rh8 48. Rb2 Ra8 49. Bd3 Ra7 50. Be2 Ra8 51. g4 hxg4+ 52. Kxg4 Rh8 1-0

[Event "SRB-chT2 East"]
[Site "Serbia"]
[Date "2006.10.26"]
[Round "7.5"]
[White "Stojanovic, Ivan"]
[Black "Kulak, Dejan"]
[Result "0-1"]
[WhiteElo "2234"]
[BlackElo "2275"]
[PlyCount "104"]
[EventDate "2006.09.09"]
[EventType "team"]
[EventRounds "11"]
[EventCountry "SRB"]
[SourceTitle "EXT 2012"]
[Source "ChessBase"]
[SourceDate "2011.11.24"]
[SourceVersion "1"]
[SourceVersionDate "2011.11.24"]
[SourceQuality "1"]

1. e4 Nf6 2. Nc3 d5 3. e5 Nfd7 4. f4 c5 5. Nf3 Nc6 6. Bb5 e6 7. 0-0 Be7 8. Kh1 0-0 9. d3 f6 10. Qe2 Qc7 11. Bxc6 Qxc6 12. Bd2 f5 13. Qf2 b5 14. Ne2 b4 15. Be3 d4 16. Bd2 a5 17. b3 a4 18. Rfc1 Ba6 19. Neg1 Nb6 20. Nh3 Nd5 21. Nhg5 Ra7 22. Rg1 Bd8 23. Rgf1 Bc8 24. Rfc1 Qa8 25. Qf1 g6 26. Qe1 h6 27. Nh3 Kh8 28. Qf1 Rg8 29. Qe1 Qc6 30. a3 bxa3 31. Rxa3 Ra6 32. Rca1 axb3 33. cxb3 Be7 34. Rxa6 Bxa6 35. Nf2 Qb6 36. Qd1 Rb8 37. Qc2 Kg7 38. h3 Bc8 39. Rb1 Bd7 40. Qa2 Rb7 41. Ne1 Bb5 42. Nd1 Bc6 43. Qc2 Ra7 44. Nb2 Ra2 45. Qd1 Nc3 46. Bxc3 dxc3 47. Nc4 Qb7 48. Nc2 Bxg2+ 49. Kh2 Bf3 50. Qc1 Qd5 51. N4e3 Qxd3 52. Kg3 Be4 0-1

[Event "SRB-chT2 East"]
[Site "Serbia"]
[Date "2006.10.07"]
[Round "5.4"]
[White "Stojanovic, Ivan"]
[Black "Garic, Radomir"]
[Result "0-1"]
[WhiteElo "2234"]
[BlackElo "2210"]
[PlyCount "76"]
[EventDate "2006.09.09"]
[EventType "team"]
[EventRounds "11"]
[EventCountry "SRB"]
[SourceTitle "EXT 2012"]
[Source "ChessBase"]
[SourceDate "2011.11.24"]
[SourceVersion "1"]
[SourceVersionDate "2011.11.24"]
[SourceQuality "1"]

1. e4 c5 2. Nf3 Nc6 3. d4 cxd4 4. Nxd4 Qc7 5. Nc3 e6 6. Be2 a6 7. 0-0 Nf6 8. Be3 Bb4 9. Bf3 Ne5 10. Nce2 Bd6 11. Ng3 h5 12. Bg5 h4 13. Bxf6 gxf6 14. Nge2 b6 15. h3 Bb7 16. Nc3 Rg8 17. Kh1 Ke7 18. Qe2 Rg5 19. Rad1 Rag8 20. Rg1 Nc4 21. Rb1 Qc5 22. Nf5+ Kf8 23. Nxd6 Nxd6 24. Rbd1 Bc6 25. b3 Qe5 26. Qd3 Nb7 27. Qd4 Qxd4 28. Rxd4 Rc5 29. Nd5 Rxc2 30. Nxf6 e5 31. Nxd7+ Bxd7 32. Rxd7 Nc5 33. Rd6 Rg6 34. Rgd1 Ke7 35. R6d2 Rxd2 36. Rxd2 Rc6 37. Kg1 Ne6 38. Bg4 Nd4 0-1

[Event "Imperia op 30th"]
[Site "Imperia"]
[Date "1988.09.10"]
[Round "7.32"]
[White "De Palma, Diego"]
[Black "Stojanovic, Ivan"]
[Result "1-0"]
[WhiteElo "2043"]
[BlackElo "2032"]
[PlyCount "117"]
[EventDate "1988.09.04"]
[EventType "swiss"]
[EventRounds "8"]
[EventCountry "ITA"]
[SourceTitle "EXT 2024"]
[Source "ChessBase"]
[SourceDate "2023.10.10"]
[SourceVersion "1"]
[SourceVersionDate "2023.10.10"]
[SourceQuality "1"]

1. d4 Nf6 2. Nf3 g6 3. g3 Bg7 4. Bg2 0-0 5. 0-0 d6 6. c4 Nbd7 7. Nc3 c6 8. h3 Qc7 9. e4 e5 10. Re1 Re8 11. Qc2 exd4 12. Nxd4 Ne5 13. b3 Nfd7 14. Be3 Nc5 15. Red1 a5 16. Rab1 Ned7 17. a3 Ne6 18. Qd2 Nf6 19. Nxe6 Rxe6 20. Bf4 Bf8 21. c5 Ne8 22. h4 Qe7 23. Bh3 dxc5 24. Bxe6 Bxe6 25. Na4 Bg4 26. Re1 b5 27. Nb2 Qe6 28. Qd3 Bg7 29. f3 Bh3 30. Kh2 h5 31. Nd1 Qc8 32. Be3 Bf8 33. Rc1 Be6 34. Bxc5 Bg7 35. Ne3 Nf6 36. Bd4 Qd7 37. Qc3 Nxe4 38. Qxc6 Qxc6 39. Rxc6 Bxd4 40. fxe4 Bxb3 41. Nd5 Kg7 42. Rc7 Be5 43. Rb7 Rc8 44. Rf1 Rc2+ 45. Kh3 Bc4 46. Rfxf7+ Kg8 47. Nf6+ Bxf6 48. Rxf6 Bd3 49. Rxg6+ Kf8 50. Rf6+ Ke8 51. g4 Rc3 52. Kh2 hxg4 53. Ra7 g3+ 54. Kxg3 Bxe4+ 55. Kf4 Bc2 56. Rh6 Rc4+ 57. Ke5 Re4+ 58. Kd5 Rf4 59. Rh8+ 1-0

[Event "Imperia op 30th"]
[Site "Imperia"]
[Date "1988.09.09"]
[Round "6.32"]
[White "Abdel Monem, Salah"]
[Black "Stojanovic, Ivan"]
[Result "0-1"]
[WhiteElo "1927"]
[BlackElo "2032"]
[PlyCount "54"]
[EventDate "1988.09.04"]
[EventType "swiss"]
[EventRounds "8"]
[EventCountry "ITA"]
[SourceTitle "EXT 2024"]
[Source "ChessBase"]
[SourceDate "2023.10.10"]
[SourceVersion "1"]
[SourceVersionDate "2023.10.10"]
[SourceQuality "1"]

1. e4 e6 2. d4 d5 3. e5 b6 4. f4 Qd7 5. c3 Ne7 6. Bd3 Ba6 7. Bc2 c5 8. Ne2 Nec6 9. dxc5 bxc5 10. Ba4 Be7 11. 0-0 g6 12. Rf3 Qb7 13. Nd2 Nd7 14. Nb3 Bb5 15. Bxb5 Qxb5 16. a3 Rb8 17. Nd2 c4 18. Kh1 Nc5 19. Nd4 Nxd4 20. cxd4 Nd3 21. Rf1 Kd7 22. Rb1 Rhc8 23. Nf3 c3 24. Ne1 Nxc1 25. Rf3 cxb2 26. h3 Na2 27. Nd3 Nc3 0-1